Marketing in public enterprises in India (Record no. 16848)

MARC details
000 -LEADER
fixed length control field 00278nam a2200121Ia 4500
082 ## - DEWEY DECIMAL CLASSIFICATION NUMBER
Classification number RR.0142
100 ## - MAIN ENTRY--AUTHOR NAME
Personal name Ramdas, R.
245 #0 - TITLE STATEMENT
Title Marketing in public enterprises in India
260 ## - PUBLICATION, DISTRIBUTION, ETC. (IMPRINT)
Year of publication 1973
300 ## - PHYSICAL DESCRIPTION
Number of Pages 160p.
942 ## - ADDED ENTRY ELEMENTS (KOHA)
Koha item type Books
Holdings
Withdrawn status Lost status Damaged status Not for loan Home library Current library Date acquired Bill Date Full call number Accession Number Price effective from Koha item type
        NASSDOC Library NASSDOC Library 08/10/2004 2004-10-22 RR.0142 15012 18/04/2019 Books